000 00431nam a2200181Ia 4500
001 4075
005 20260306145729.0
008 260306t2003||||xx |||||||||||||| ||spa||
041 _aESP
082 _a306.85
_bH12 Nº 38
100 _aVásquez, Antonio
_eAUT
245 0 _aMatrimonio para un tiempo nuevo
260 _c2003
300 _a264 páginas :
_c19 cm.
650 _aGEN
654 _aCED
942 _cLIB
_dJUS
_fJUS
_2ddc
_n
999 _c4075
_d4075